Tennis - Classement WTA 2025 - Top 50 - Statistiques

Statistiques générales
  • Ce quiz a été pris 394 fois
    84 depuis la dernière actualisation
  • Le résultat moyen est 28 sur 50
Statistiques - réponses
Classement Pays Réponse % Correct
2 Pologne Iga Swiatek
100%
1 Biélorussie Aryna Sabalenka
98%
5 Kazakhstan Elena Rybakina
97%
3 États-Unis Coco Gauff
94%
6 États-Unis Jessica Pegula
92%
8 Italie Jasmine Paolini
89%
11 Suisse Belinda Bencic
87%
4 États-Unis Amanda Anisimova
86%
16 Japon Naomi Osaka
86%
14 Ukraine Elina Svitolina
79%
36 France Lois Boisson
78%
23 Lettonie Jelena Ostapenko
76%
9 Russie Mirra Andreeva
76%
24 Chine Qinwen Zheng
76%
7 États-Unis Madison Keys
75%
12 Danemark Clara Tauson
73%
22 Canada Leylah Fernandez
67%
18 Canada Victoria Mboko
65%
50 Philippines Alexandra Eala
63%
20 Belgique Elise Mertens
62%
19 Tchéquie Karolina Muchova
62%
25 Espagne Paula Badosa
62%
10 Russie Ekaterina Alexandrova
60%
26 Ukraine Marta Kostyuk
60%
29 Royaume-Uni Emma Raducanu
59%
13 Tchéquie Linda Noskova
49%
37 Australie Daria Kasatkina
48%
21 Russie Diana Shnaider
48%
15 États-Unis Emma Navarro
46%
17 Russie Ludmilla Samsonova
44%
32 Australie Maya Joint
44%
28 États-Unis Sofia Kenin
44%
44 Roumanie Sorana Cirstea
44%
46 Allemagne Laura Siegemund
43%
34 Tchéquie Marketa Vondrousova
43%
40 Allemagne Eva Lys
41%
33 Russie Anna Kalinskaya
38%
42 Espagne Jéssica Bouzas Maneiro
38%
41 Allemagne Tatjana Maria
38%
39 Roumanie Jaqueline Cristian
37%
27 Ukraine Dayana Yastremska
35%
43 Tchéquie Marie Bouzkova
32%
31 États-Unis Mccartney Kessler
29%
38 Etats-Unis Ann Li
27%
48 Colombie Emiliana Arango
27%
47 Russie Anastasia Pavlyuchenkova
25%
49 Tchéquie Katerina Siniakova
25%
35 États-Unis Iva Jovic
24%
30 Russie Veronika Kudermetova
21%
45 États-Unis Ashlyn Krueger
16%
Aucun quiz correspondant
Distribution des résultats
% des personnes avec chaque résultat
Percentile par nombre de réponses
Votre historique - résultats
Vous n’avez pas pris ce quiz depuis la dernière actualisation